| 000 | 00921nam a2200241Ia 4500 | ||
|---|---|---|---|
| 003 | GCL | ||
| 008 | 140319s9999 xx 000 0 ara d | ||
| 040 |
_aGCL / _cGCL |
||
| 082 | 0 | 4 |
_a810.8 _bا م |
| 100 | 1 | _aالابشيهى، شهاب الدين محمد بن | |
| 245 | 1 | 0 |
_aالمستطرف من كل فن مستظرف : _bلشهاب الدين محمد بن احمد الابشيهى (790-852 هـ.\1388-1448م.) الجزء الاول / _cالابشيهى، شهاب الدين محمد بن |
| 250 | _aالاولى | ||
| 260 |
_a[S.N] : _bدار الجيل ، _c2000 |
||
| 260 |
_aبيروت : _bدار ومكتبة الهلال للطباعة والنشر ، _c2000 |
||
| 300 | _a950 ص | ||
| 490 | _a | ||
| 650 | 0 | 4 | _aالادب العربى |
| 650 | 0 | 4 | _aالادب |
| 650 | 0 | 4 | _aالتراث العربى |
| 650 | 0 | 4 | _aالنوادر |
| 650 | 0 | 4 | _aالنوادر الشعبية |
| 942 |
_2ddc _cBK |
||
| 999 |
_c36268 _d36268 |
||